History Quiz

Random History or Famous Quiz

2017 in Pictures Quiz Stats

 Plays Quiz Updated Mar 10, 2018

Also try: 2016 in Pictures
Challenge
Share
Tweet
Score 0/20 Timer 06:00
1 Play Today
% Correct
Donald Trump
99%
Grammy
88.3%
France
87.7%
Missile
80.6%
Birthday
79.2%
Stormtroopers
77.3%
Manchester, United Kingdom
70.2%
Moonlight
67.9%
Markle
63.3%
Rafael Nadal
61.6%
% Correct
Houston
60.3%
Catalan
57%
Macron
56%
Mugabe
53.8%
Color
51.4%
ISIS
49.5%
Bangladesh
35.6%
Bishkek
33%
Mexico City
27.2%
Caracas, Venezuela
26.4%

You're not logged in!

Compare scores with friends on all Sporcle quizzes.
Join for Free
OR
Log In

You Might Also Like...

Show Comments

Extras

Top Quizzes Today


Score Distribution

Your Account Isn't Verified!

In order to create a playlist on Sporcle, you need to verify the email address you used during registration. Go to your Sporcle Settings to finish the process.

Report this User

Report this user for behavior that violates our Community Guidelines.

Details: